| 000 | 00444pab a2200157 454500 | ||
|---|---|---|---|
| 008 | 180718b2009 xxu||||| |||| 00| 0 eng d | ||
| 100 | _aHeim, Bradley T. | ||
| 245 | _aThe effect of recent tax changes on taxable income: evidence from a new panel of tax returns | ||
| 260 | _c2009 | ||
| 300 | _ap.147-63. | ||
| 362 | _aWinter | ||
| 650 | _aIncome tax | ||
| 773 | _aJournal of Policy Analysis and Management | ||
| 908 | _aN | ||
| 909 | _a82100 | ||
| 999 |
_c82100 _d82100 |
||